000 00817nam a2200253 i 4500
001 18400
003 ES-MaACL
005 20230906151829.0
007 t|
008 011218s2001 sp ||||1| spa d
020 _a84-95078-03-1
080 _a821.134.2(861)-14"19"
100 1 _aMutis, Alvaro.
_984731
245 1 3 _aLa voz de Alvaro Mutis.
260 _a[Madrid] :
_bPublicaciones de la Residencia de Estudiantes,
_c2001.
300 _a73 p. :
_b1 retr. ;
_c20 cm +
_e1 CD-ROM.
490 1 _aPoesía en la Residencia ;
_v5
600 1 4 _aMutis, Alvaro-
_vCD-ROM.
_984732
710 2 _aResidencia de Estudiantes (Madrid)
_96437
830 0 _aPoesía en la Residencia ;
_v5
_9180277
852 _aES-MaACL
_jL-25209
_bR.131083
_z. - Libro
852 _aES-MaACL
_jROT 2/1/6
_z. - CD-ROM
999 _c18400
_d18400